La philosophie de la renaissance /
Estudio que trata sobre el origen y desarrollo de la filosofía del renacimiento a través del pensamiento de filósofos y científicos de esa época: Marsilo Ficino, Juan Pico de la Mirandola, Bernardino Telesio, Francisco Patricio, Pietro Pomponazzi, Giordano Bruno, Tomás Campanella, Teofastro Paracels...
Kaydedildi:
| Yazar: | |
|---|---|
| Materyal Türü: | Kitap |
| Dil: | Fransızca |
| Seri Bilgileri: | (Petite Bibliothèque Payot ;
241) |
| Konular: | |
| Etiketler: |
Etiket eklenmemiş, İlk siz ekleyin!
|
MARC
| LEADER | 00000nam^a2200000^a^4500 | ||
|---|---|---|---|
| 001 | 000279572 | ||
| 005 | 20250521000000.0 | ||
| 009 | 20260310111439.211 | ||
| 020 | |a 2-228-32410-8 | ||
| 037 | |a Acervo Xavier Clavigero | ||
| 041 | |a FRA | ||
| 082 | |a 144. |b BLO | ||
| 100 | |a Bloch, Ernst |e (autor) | ||
| 245 | 1 | 3 | |a La philosophie de la renaissance / |c E. Bloch ; tr. por Pierre Kamnitzer. |
| 264 | |a París, Francia : |b Payot, |c 1974 | ||
| 300 | |a 187 p. | ||
| 336 | |a texto |b txt |2 rdacontenido | ||
| 337 | |a sin mediación |b n |2 rdamedio | ||
| 338 | |a volumen |b nc |2 rdasoporte | ||
| 440 | 1 | |a (Petite Bibliothèque Payot ; |v 241) | |
| 500 | |a Traducción de: Vorlensungen zur Philosophie der Renaissance | ||
| 520 | |a Estudio que trata sobre el origen y desarrollo de la filosofía del renacimiento a través del pensamiento de filósofos y científicos de esa época: Marsilo Ficino, Juan Pico de la Mirandola, Bernardino Telesio, Francisco Patricio, Pietro Pomponazzi, Giordano Bruno, Tomás Campanella, Teofastro Paracelso, Jakob Boehme, Francis Bacon, Galileo Galilei, Johannes Kepler, Isaac Newton, Juan Althusius, Nicolás Maquiavelo, Juan Bodin, Hugo Grocio y Thomas Hobbes. | ||
| 649 | |a XX | ||
| 650 | |a Filosofía del Renacimiento - |x Tema Principal | ||
| 650 | |a Filosofía de la Naturaleza | ||
| 650 | |a Epistemología | ||
| 650 | |a Humanismo | ||
| 650 | |a Filosofía - |x Historia y Crítica | ||
| 910 | |a Fondo General | ||
| 920 | |a Impresos - Libros | ||
| 930 | |a Colección General | ||
| 905 | |a 101 | ||
| 901 | |a 0500166410 |b IT1 |c ACC |u 20250521 | ||
| 902 | |a https://opac.biblio.iteso.mx/vufind/Record/000279572 | ||